000 01116nam a2200253Ia 4500
003 Ost
005 20260507075738.0
008 260507s9999||||xx |||||||||||||| ||und||
020 _a9957113836
040 _cfsecg
041 _aara
082 _a658.402
100 _aعبد الحفيظ، أحمد بن صالح
_eمؤلف
245 0 _aالمرجع العملي لتطبيق منهج الهندرة /
_c أحمد بن صالح عبد الحفيظ
260 _aعمان:
_bدار وائل للنشر والتوزيع,
_c2003
300 _a166 صفحة؛
_bإيضاحات ؛
_c24 سم
504 _aالملاحق ص.155 فهرس الأشكال والجداول ص.9
520 _aالإعداد والتخطيط،دراسة العمليات الحالية،صوت العميل،الإقتداء بالنماذج الناجحة،تصميم العمليات الجديدة،التطبيق والمتابعة،من التجارب الواقعية
653 _aإدارة
653 _aإدارة الأعمال
653 _aإدارة الأفراد
653 _aالادارة
942 _cكتاب
999 _c46106
_d46106